El Concilio (Record no. 133593)

MARC details
000 -LEADER
campo de control de longitud fija 00633nam a2200181 i 4500
001 - NÚMERO DE CONTROL
campo de control 133593
003 - IDENTIFICADOR DE NÚMERO DE CONTROL
campo de control ES-MaACL
007 - CAMPO FIJO DE DESCRIPCIÓN FÍSICA--INFORMACIÓN GENERAL
campo de control de longitud fija t|
008 - DATOS DE LONGITUD FIJA--INFORMACIÓN GENERAL
campo de control de longitud fija 070821s1966 sp ||||1| spa d
100 1# - ENTRADA PRINCIPAL--NOMBRE DE PERSONA
Nombre de persona Wolleh, Lothar.
9 (RLIN) 117283
245 13 - MENCIÓN DEL TÍTULO
Título El Concilio
Resto del título : Concilio Vaticano II /
Mención de responsabilidad, etc. Lothar Wolleh ; un documento con la colaboración de Emil Schmitz ; [traducido por Manuel Trenchs].
260 ## - PUBLICACIÓN, DISTRIBUCIÓN, ETC.
Lugar de publicación, distribución, etc. Barcelona :
Nombre del editor, distribuidor, etc. Blume,
Fecha de publicación, distribución, etc. [1966]
300 ## - DESCRIPCIÓN FÍSICA
Extensión 116 p. :
Otras características físicas il. ;
Dimensiones 44 cm.
611 24 - PUNTO DE ACCESO ADICIONAL DE MATERIA--NOMBRE DE REUNIÓN/CONGRESO
Nombre de congreso/reunión o jurisdicción como elemento de entrada Concilio Vaticano (
Número del congreso/reunión o número de parte o sección 2º.
Fecha del congreso o de la firma del tratado 1962-1965)
9 (RLIN) 122
700 1# - ENTRADA AGREGADA--NOMBRE PERSONAL
Nombre de persona Schmitz, Emil.
9 (RLIN) 104526
700 1# - ENTRADA AGREGADA--NOMBRE PERSONAL
Nombre de persona Trenchs, Manuel.
9 (RLIN) 111315
852 ## - LOCALIZACIÓN
Ubicación ES-MaACL
Número de control de estantería B-7746
Sublocalización o colección R.63390
Holdings
Estatus retirado Estado de pérdida Estado de daño No para préstamo Biblioteca de origen Biblioteca actual Ubicación en estantería Fecha de adquisición Fuente de adquisición Total de préstamos Signatura topográfica completa Código de barras Visto por última vez Precio de reemplazo Tipo de ítem Koha
        Biblioteca del Ateneo de Madrid Biblioteca del Ateneo de Madrid Sala Pardo Bazán 17/01/2008     B-7746 1139072 23/02/2023 23/02/2023 Libro impreso